Soul on ice /

Αποθηκεύτηκε σε:
Λεπτομέρειες βιβλιογραφικής εγγραφής
Κύριος συγγραφέας: Cleaver, Eldridge, 1935-
Μορφή: Άγνωστο
Γλώσσα:English
Έκδοση: New York : Dell Publishing, 1968.
Έκδοση:2a edición
Θέματα:
Ετικέτες: Προσθήκη ετικέτας
Δεν υπάρχουν, Καταχωρήστε ετικέτα πρώτοι!

MARC

LEADER 000000000a22000000004500
001 013042
041 0 |a eng 
082 0 4 |a 301.451   |b C623s 
100 1 |a Cleaver, Eldridge,   |d 1935- 
245 1 0 |a Soul on ice /   |c Eldridge Cleaver. 
250 |a 2a edición 
260 1 |a New York :   |b Dell Publishing,   |c 1968. 
300 |a 210 páginas 
500 |a Material disponible en BCMA 
650 4 |a NEGROS 
650 4 |a PSICOLOGIA 
500 |a Colección George Yúdice 
999 |c 18986  |d 18986 
942 |c BK  |h 301.451 C623s  |2 z